000
00264nam a2200109Ia 4500
008
240625s9999 xx 000 0 und d
041
_a
eng
082
_a
648.4012 TRA
100
_a
TRACY BRIAN
245
_a
TURBOSTRATEGY 21 POWERFUL WAYS TO TRANSF
365
_c
RS
_b
5
999
_c
32876
_d
32876